Statistics for Taraji P. Henson Filmography

Click here to take the quiz!

General Stats

  • This quiz has been taken 27 times
    (11 since last reset)
  • The average score is 6 of 103

Answer Stats

TypeYearName% Correct
TV Show2015-2020Empire
63%
Film2001Baby Boy
50%
Film2016Hidden Figures
50%
Film2019What Men Want
50%
Film2005Hustle & Flow
38%
Film2012Think Like a Man
38%
Film2014Think Like a Man Too
38%
TV Show2023Abbott Elementary
25%
Film2018Acrimony
25%
Film2009I Can Do Bad All by Myself
25%
Film2014No Good Deed
25%
Film2018Proud Mary
25%
Film2023The Color Purple
25%
Award Show2021BET Awards 2021
13%
Film2004Hair Show
13%
TV Show2005House
13%
Film2022Minions: The Rise of Gru
13%
Film2009Not Easily Broken
13%
Film2023PAW Patrol: The Mighty Movie
13%
TV Show2015Saturday Night Live
13%
TV Show1997Sister, Sister
13%
TV Show1997, 1998Smart Guy
13%
TV Film2011Taken from Me: The Tiffany Rubin Story
13%
Film2008The Curious Case of Benjamin Button
13%
Film2008The Family That Preys
13%
TV Show2017The Simpsons
13%
Award Show20092009 Soul Train Awards
0%
Award Show20102010 Soul Train Awards
0%
Theater2014Above the Fold
0%
TV Show2004All of Us
0%
Film2001All or Nothing
0%
Award Show2020American Music Awards 2020
0%
Film2005Animal
0%
TV Special2021Annie Live!
0%
TV Special2017Black Girls Rock! 2017
0%
Film2002Book of Love
0%
TV Show2007-2008Boston Legal
0%
TV Show2017Carpool Karaoke
0%
TV Special2016Celebration of Gospel
0%
TV Show2023Celebrity Prank Wars
0%
Film2020Coffee & Kareem
0%
TV Show2006CSI: Crime Scene Investigation
0%
Film2010Date Night
0%
TV Show2008Eli Stone
0%
TV Show1998ER
0%
TV Show1998, 1999Felicity
0%
TV Special2015FIFA Women's World Cup
0%
Short Film2010Forehead Tittaes
0%
Film2005Four Brothers
0%
Film2011From the Rough
0%
Award Show2015Guys Choice Awards 2015
0%
TV Show2005Half & Half
0%
TV Show2002Holla
0%
TV Show2014Hollywood Game Night
0%
Film2009Hurricane Season
0%
TV Short2016Ice Age: The Great Egg-Scapade
0%
Podcast2020Jacked
0%
Music Video2008Just Like Me
0%
Film2011Larry Crowne
0%
Web Series2021Legendary
0%
TV Show2015, 2018Lip Sync Battle
0%
TV Show2015Live! with Kelly and Michael
0%
TV Short2013Madly Madagascar
0%
Web Special2021Muppets Haunted Mansion
0%
TV Film2001Murder She Wrote: The Last Free Man
0%
TV Show2021Nickelodeon's Unfiltered
0%
Commercial2020Olay Rengeneist
0%
Film2010Once Fallen
0%
TV Show1999Pacific Blue
0%
Web Series2020-2021Peace of Mind with Taraji
0%
Film2010Peep World
0%
TV Show2011-2013, 2015Person of Interest
0%
TV Show2021Project Runway
0%
Short Film2018Proud Mary: If Looks Could Kill
0%
TV Show2023Queenie
0%
Film2018Ralph Breaks the Internet
0%
TV Show2022RuPaul's Drag Race
0%
TV Show2022RuPaul's Drag Race: Untucked!
0%
TV Film2000Santa's School for Girls
0%
TV Show1998Saved by the Bell: The New Class
0%
TV Film2014Season of Love
0%
Film2007Smokin' Aces
0%
Film2006Something New
0%
Documentary Mini-Series2021Soul of a Nation
0%
Film1998Streetwise
0%
TV Show2000Strong Medicine
0%
TV Special2016-2017Tajari's White Hot Holidays
0%
Film2007Talk to Me
0%
TV Special2015Taraji and Terrence's White Hot Holidays
0%
Film2016Term Life
0%
Music Video2005Testify
0%
TV Show2022, 2023That's My Jam
0%
Award Show2013The 365Black Awards
0%
Film2000The Adventures of Rocky and Bullwinkle
0%
Film2019The Best of Enemies
0%
TV Show2010The Cleveland Show
0%
TV Show2002-2004The Division
0%
Film2011The Good Doctor
0%
Film2010The Karate Kid
0%
TV Show1997The Parent 'Hood
0%
FilmTBATime Alone
0%
Film2014Top Five
0%
TV Show2019Tuca & Bertie
0%

Score Distribution

Percentile by Number Answered

Percent of People with Each Score

Your Score History

You have not taken this quiz since the last reset